| 000 | 00623nam a2200229Ia 4500 | ||
|---|---|---|---|
| 003 | 0100 | ||
| 008 | 130303s9999 xx 000 0 und d | ||
| 020 | _a521574544 | ||
| 040 | _cARRUPELIB | ||
| 050 | _aGT857.R6313 1994 | ||
| 100 | _aDaniel Roche | ||
| 245 | 4 | _aThe culture of clothing | |
| 245 | _bDress and fashion in the ancien regime | ||
| 260 | _aCambridge | ||
| 260 | _bUniversity press | ||
| 260 | _C1994 | ||
| 300 | _a537p.24cm | ||
| 440 | _aPast and present publications | ||
| 650 | _bGreat Britain--Politics and government Great Britain--Economic conditions | ||
| 700 | _aDaniel Roche | ||
| 942 | 0 | 0 | _01 |
| 999 |
_c13055 _d13055 |
||